Pentadbiran Dan Pengurusan Awam Malaysia (Record no. 27208)

000 -LEADER
fixed length control field 00756nam a22002177a 4500
001 - CONTROL NUMBER
control field 0000003885
003 - CONTROL NUMBER IDENTIFIER
control field PPM
005 - DATE AND TIME OF LATEST TRANSACTION
control field 20260421111630.0
008 - FIXED-LENGTH DATA ELEMENTS--GENERAL INFORMATION
fixed length control field 260421b ||||| |||| 00| 0 eng d
020 ## - INTERNATIONAL STANDARD BOOK NUMBER
International Standard Book Number 9833109179
Terms of availability RM 80.00
Qualifying information Hardback
035 ## - SYSTEM CONTROL NUMBER
System control number 0000003885
040 ## - CATALOGING SOURCE
Language of cataloging Malay
Transcribing agency Pusat Penyelidikan Mineral, Jabatan Mineral Dan Geosains Malaysia
Modifying agency PPM
Description conventions RDA
082 00 - DEWEY DECIMAL CLASSIFICATION NUMBER
Edition number 22
Classification number 351.595
Item number PEN 2006
245 10 - TITLE STATEMENT
Title Pentadbiran Dan Pengurusan Awam Malaysia
260 #1 - PUBLICATION, DISTRIBUTION, ETC.
Place of publication, distribution, etc. Kuala Lumpur :
Name of publisher, distributor, etc. Institut Tadbiran Awam Negara,
Date of publication, distribution, etc. 2006
300 00 - PHYSICAL DESCRIPTION
Extent xlii, 464 pages .:
Other physical details maps. illustrations .;
Dimensions 25 cm
504 ## - BIBLIOGRAPHY, ETC. NOTE
Bibliography, etc. note Includes bibliographical reference and indexs
650 10 - SUBJECT ADDED ENTRY--TOPICAL TERM
Topical term or geographic name entry element Public administration
Geographic subdivision Malaysia
650 20 - SUBJECT ADDED ENTRY--TOPICAL TERM
Topical term or geographic name entry element Civil service
Geographic subdivision Malaysia
942 ## - ADDED ENTRY ELEMENTS (KOHA)
Source of classification or shelving scheme
Koha item type Books
Holdings
Withdrawn status Lost status Source of classification or shelving scheme Damaged status Not for loan Collection code Permanent Location Current Location Shelving location Date acquired Cost, normal purchase price Total Checkouts Full call number Date last seen Cost, replacement price Price effective from Koha item type
Available         Open Shelf PPM PPM Open Shelf 21/04/2026 80.00   351.595 PEN 2006 21/04/2026 2026.00 21/04/2026 Books